000 00528nam a22001815i 4500
001 68622
003 ES-MaACL
005 20250805064134.0
007 t|
008 960812s1877 fr ||||1| fre d
040 _aCAM
_bspa
_cCAM
100 1 _aGautier, Théophile,
_d1811-1872
_9170960
245 1 2 _aL'Orient /
_cThéophile Gautier.
260 _aParis :
_bG. Charpentier,
_c1877 (
_eCorbeil :
_ftyp. et stér. de Crété)
300 _a2 v. ;
_c18 cm.
852 _aES-MaACL
_jG-14462-3
999 _c68622
_d68622